| 000 | 00449nam a22001697a 4500 | ||
|---|---|---|---|
| 008 | 230621b ||||| |||| 00| 0 eng d | ||
| 020 | _a9788181524805 | ||
| 041 | _aeng | ||
| 082 |
_a658.314 _bBAM |
||
| 100 | _aBalwan Wahied Khawar | ||
| 245 |
_aMotivation and Skill Development _cBy Wahied Khawar Balwan |
||
| 260 |
_aJaipur _bBook Enclave _c2019 |
||
| 300 | _a315p. | ||
| 650 | _aGENERAL BOOKS | ||
| 700 | _aBalwan Attied Khawar | ||
| 942 | _cBK | ||
| 999 |
_c47111 _d47111 |
||